| 000 | 00927cam a22002774a 4500 | ||
|---|---|---|---|
| 005 | 20260322212016.0 | ||
| 008 | data | ||
| 010 | _a 2001035757 | ||
| 020 | _a055380202X | ||
| 020 | _a9780553802023 | ||
| 040 |
_aDLC _cDLC _dDLC |
||
| 042 | _apcc | ||
| 050 | 0 | 0 |
_aQC174.12 _b.H39 2001 |
| 082 | 0 | 0 |
_a530.12 _221 |
| 092 | _a530.12 H39 2001 | ||
| 100 | 1 |
_aHawking, S. W. _q(Stephen W.) |
|
| 245 | 1 | 4 |
_aThe universe in a nutshell / _cS. W. Hawking. |
| 260 |
_aNew York : _bBantam Books, _cc2001. |
||
| 300 |
_aviii, 216 p. ; _bill. (some col.) ; _c26 cm. |
||
| 500 | _aIncludes index. | ||
| 650 | 0 | _aQuantum theory. | |
| 856 | 4 | 2 |
_3Contributor biographical information _uhttp://www.loc.gov/catdir/bios/random053/2001035757.html |
| 856 | 4 | 1 |
_3Sample text _uhttp://www.loc.gov/catdir/samples/random042/2001035757.html |
| 856 | 4 | 2 |
_3Publisher description _uhttp://www.loc.gov/catdir/description/random046/2001035757.html |
| 001 | data | ||
| 999 |
_c337 _d337 |
||